|
|
|
|
| LEADER |
00000nab a2200000 a 4500 |
| 001 |
vtls000272798 |
| 003 |
SK-MaSNL |
| 005 |
20260302213733.0 |
| 008 |
220422c1987 xo 0 slo |
| 015 |
|
|
|a SNBRB19rr/mm-uuuuu
|
| 035 |
|
|
|a CL0282912
|
| 040 |
|
|
|a SNKBUCL
|b slo
|c SNKBUCL
|e AACR2
|
| 041 |
0 |
|
|a slo
|
| 044 |
|
|
|a xo
|c SK
|
| 080 |
|
|
|a 616-051
|2 1981
|
| 080 |
|
|
|a 929 Hildebrand, Tomáš
|2 1981
|
| 100 |
1 |
|
|a Papinčáková, Zuzana
|4 aut
|9 940077
|
| 245 |
1 |
0 |
|a Žen-šeň nemusí byť korienok
|b MUDr. Tomáš Hildebrand, CSc., jubiluje
|c Zuzana Papinčáková
|
| 300 |
|
|
|b Obr. 1.
|
| 650 |
0 |
7 |
|a Hildebrand, Tomáš
|2 snkbucl
|9 940152
|
| 655 |
|
7 |
|a články z novín a časopisov
|2 snkbucl
|9 267496
|
| 773 |
0 |
|
|t Východoslovenské noviny
|g Roč. 36, č. 54 (6. 3. 1987), s. 1 a 2
|
| 850 |
|
|
|a Slovenská národná knižnica v Martine
|a MTA001
|
| 852 |
|
|
|a SNK
|b KIS3GCP
|
| 958 |
|
|
|a BX
|
| 958 |
|
|
|a RK
|
| 958 |
|
|
|a ME
|
| 992 |
|
|
|a RBX
|
| 999 |
|
|
|c 1494713
|d 1496643
|